[Event "AUTO-OPEN-1316"]
[Site "http://www.queenalice.com/game.php?id=483832"]
[Date "2008.10.27"]
[Round "1"]
[White "leopov"]
[Black "pequenomestre0"]
[Result "0-1"]
[WhiteElo "2211"]
[BlackElo "2024"]

1. d4 Nf6 2. c4 e6 3. g3 d5 4. Bg2 Be7 5. Nc3 O-O 6. Nf3 dxc4 7. O-O Nc6 8. e3
Nd7 9. e4 Nb6 10. Be3 Qd6 11. Bf4 Qd7 12. Re1 Bd6 13. Ne5 Bxe5 14. dxe5 Nb4 0-1

[Event "AUTO-OPEN-1316"]
[Site "http://www.queenalice.com/game.php?id=483833"]
[Date "2008.10.27"]
[Round "1"]
[White "pequenomestre0"]
[Black "Richardlim"]
[Result "1-0"]
[WhiteElo "1881"]
[BlackElo "1826"]

1. d4 Nf6 2. c4 e6 3. Nc3 Bb4 4. Nf3 Bxc3+ 5. bxc3 O-O 6. Bg5 h6 7. Bh4 Nc6 8.
e4 d5 9. e5 g5 10. Nxg5 Nxe5 11. dxe5 Qd7 12. exf6 dxc4 13. Qg4 e5 14. Ne6+ 1-0

[Event "AUTO-OPEN-1316"]
[Site "http://www.queenalice.com/game.php?id=483834"]
[Date "2008.10.27"]
[Round "1"]
[White "Richardlim"]
[Black "pequenomestre0"]
[Result "0-1"]
[WhiteElo "1983"]
[BlackElo "2045"]

1. e4 e5 2. Nf3 Nc6 3. Bc4 Bc5 4. a3 Nf6 5. Ng5 O-O 6. Nf3 Nxe4 7. Qe2 d5 8. Bb5
Bxf2+ 9. Kf1 Nd4 10. Nxd4 Bxd4 11. Qf3 Qh4 12. g3 Bh3+ 13. Ke1 Qg4 14. Qxg4 Bxg4
15. d3 Nd6 16. Ba4 Bf3 17. Rf1 Bg2 18. Nd2 Bxf1 19. Nxf1 b5 20. Bb3 c6 21. c3
Bb6 22. Bd2 e4 23. d4 Rfe8 24. Be3 Nf5 25. g4 Nxe3 26. Nxe3 Bc7 27. a4 a6 28.
axb5 axb5 29. Rb1 Bxh2 30. Bd1 Bf4 31. Kf2 Bxe3+ 32. Kxe3 g6 33. b4 Ra3 34. Rc1
Rea8 35. g5 Ra1 36. Rxa1 Rxa1 37. Bg4 Ra7 38. Bh3 f6 39. gxf6 Kf7 40. Bg4 Kxf6
41. Bh3 h5 42. Kd2 g5 43. Bg2 g4 44. Bf1 h4 45. Bg2 h3 46. Bf1 Rh7 47. Ke2 h2
48. Bg2 h1=Q 49. Bxh1 Rxh1 50. Kf2 g3+ 51. Kxg3 Rf1 52. Kg2 Rf5 53. c4 e3 54. c5
e2 55. Kh3 e1=Q 56. Kg4 Qg1+ 57. Kh4 Rf2 58. Kh3 Rh2# 0-1

[Event "AUTO-OPEN-1298"]
[Site "http://www.queenalice.com/game.php?id=548441"]
[Date "2009.3.1"]
[Round "2"]
[White "pequenomestre0"]
[Black "Dom81"]
[Result "0-1"]
[WhiteElo "2017"]
[BlackElo "2416"]

1. d4 Nf6 2. c4 g6 3. Nc3 Bg7 4. e4 O-O 5. Nf3 d6 6. Be2 c5 7. d5 e6 8. O-O exd5
9. cxd5 Re8 10. Qc2 a6 11. a4 Qe7 12. Nd2 Nbd7 13. f4 a5 14. Re1 Nb6 15. Qb3 Qd8
16. Bb5 Bd7 17. Bxd7 Nfxd7 18. Nf3 Bd4+ 19. Kf1 Nf6 20. Qc2 Qe7 21. Qb3 c4 22.
Qb5 Bc5 23. Be3 Rec8 24. Bxc5 Rxc5 25. Qxb6 Ra6 26. Qxc5 dxc5 27. e5 Nh5 28. d6
Qd7 29. Re4 Rb6 30. Nb5 Rxb5 31. axb5 Qxb5 32. Kg1 Ng7 33. Rd1 Ne6 34. Rd2 a4
35. Ng5 a3 36. Re1 axb2 37. Nxe6 Qa5 38. Rdd1 fxe6 39. d7 Qd8 40. Kf2 c3 41. Re2
b5 0-1

[Event "AUTO-OPEN-1298"]
[Site "http://www.queenalice.com/game.php?id=548442"]
[Date "2009.3.1"]
[Round "2"]
[White "Dom81"]
[Black "pequenomestre0"]
[Result "1-0"]
[WhiteElo "2441"]
[BlackElo "1999"]

1. d4 Nf6 2. c4 e6 3. Nf3 d5 4. Nc3 Nbd7 5. e3 a6 6. Bd2 dxc4 7. Bxc4 b5 8. Bd3
Be7 9. a4 b4 10. Ne4 c5 11. Qc2 Bb7 12. Nxf6+ Bxf6 13. Be4 Bxe4 14. Qxe4 O-O 15.
O-O a5 16. Rfc1 Rc8 17. Rc2 Qb6 18. Rac1 Qa6 19. b3 Be7 20. Ne1 Rfd8 21. Qd3 c4
22. Qf1 Nb6 23. bxc4 b3 24. c5 Qxf1+ 25. Kxf1 bxc2 26. cxb6 Ra8 27. Rxc2 Rdb8
28. Nd3 Rxb6 29. Ke2 Rb3 30. Bc1 Rb1 31. Bb2 Kf8 32. Rc6 Rb8 33. Bc3 Bb4 34. Bb2
f6 35. Bc3 Bxc3 36. Rxc3 Ra1 37. Kf3 Kg8 38. g4 Rxa4 39. Nc5 Rab4 40. Nxe6 a4
41. Nc5 Ra8 42. Ra3 Kf7 43. h4 1-0

[Event "AUTO-OPEN-1316"]
[Site "http://www.queenalice.com/game.php?id=605416"]
[Date "2009.6.18"]
[Round "2"]
[White "heidy"]
[Black "pequenomestre0"]
[Result "1-0"]
[WhiteElo "2193"]
[BlackElo "1999"]

1. e4 e5 2. Nf3 Nc6 3. Bb5 a6 4. Bxc6 dxc6 5. O-O Bd6 6. d4 exd4 7. Qxd4 f6 8.
e5 Bxe5 9. Qxd8+ Kxd8 10. Nxe5 fxe5 11. Re1 Nf6 12. Rxe5 Re8 13. Bf4 Bf5 14. Na3
Rxe5 15. Bxe5 b5 16. Bxf6+ gxf6 17. Rd1+ Ke7 18. f3 Rd8 19. Re1+ Kf7 20. Re2 Be6
21. Kf2 Bxa2 22. b3 a5 23. Ke3 Re8+ 24. Kd3 Rxe2 25. Kxe2 Ke6 26. Kd3 a4 27. Kc3
1-0

[Event "AUTO-OPEN-1316"]
[Site "http://www.queenalice.com/game.php?id=605417"]
[Date "2009.6.18"]
[Round "2"]
[White "pequenomestre0"]
[Black "heidy"]
[Result "0-1"]
[WhiteElo "2069"]
[BlackElo "2178"]

1. d4 Nf6 2. c4 e6 3. Nc3 Bb4 4. Nf3 O-O 5. Bg5 d5 6. e3 h6 7. Bxf6 Qxf6 8. Qb3
Bxc3+ 9. Qxc3 c6 10. Bd3 Nd7 11. O-O Qe7 12. cxd5 exd5 13. b4 Nf6 14. a4 Bg4 15.
Ne5 Bh5 16. b5 Rac8 0-1

[Event "AUTO-OPEN-1316"]
[Site "http://www.queenalice.com/game.php?id=605424"]
[Date "2009.6.18"]
[Round "2"]
[White "pequenomestre0"]
[Black "pgierech"]
[Result "0-1"]
[WhiteElo "2015"]
[BlackElo "2013"]

1. Nf3 Nf6 2. d4 e6 3. c4 b6 4. Nc3 Bb7 5. Bg5 Be7 6. e3 h6 7. Bh4 O-O 8. Bd3 d5
9. O-O Nbd7 10. Rc1 c5 11. cxd5 Nxd5 12. Bg3 N7f6 13. Ne5 Rc8 14. Re1 cxd4 15.
exd4 Nb4 16. Be2 Nbd5 17. Bf3 Nxc3 18. bxc3 Bxf3 19. Qxf3 Nh7 20. Nc6 Qd7 21.
Nxe7+ Qxe7 22. Qd3 Rfd8 23. c4 Nf6 0-1

[Event "AUTO-OPEN-1316"]
[Site "http://www.queenalice.com/game.php?id=605425"]
[Date "2009.6.18"]
[Round "2"]
[White "pgierech"]
[Black "pequenomestre0"]
[Result "1-0"]
[WhiteElo "1995"]
[BlackElo "2033"]

1. e4 c5 2. Nf3 Nc6 3. Bb5 g6 4. c3 Bg7 5. d4 Qb6 6. Bc4 cxd4 7. O-O d6 8. Nxd4
Nxd4 9. cxd4 Bxd4 10. Nc3 Bxc3 11. bxc3 Be6 12. Be3 Qc6 13. Bxe6 fxe6 14. Qb3
Nf6 15. Qxe6 Qxe4 16. Qb3 Qd5 17. c4 Qc6 18. Rfe1 Rf8 19. c5 dxc5 20. Rac1 b6
21. Bh6 Rf7 22. Re6 Qc7 23. Rd1 Rd8 24. Rde1 1-0

[Event "AUTO-OPEN-1593"]
[Site "http://www.queenalice.com/game.php?id=606277"]
[Date "2009.6.20"]
[Round "1"]
[White "drd123"]
[Black "pequenomestre0"]
[Result "1-0"]
[WhiteElo "2113"]
[BlackElo "2052"]

1. e4 c5 2. Nf3 Nc6 3. d4 cxd4 4. Nxd4 e5 5. Nb5 a6 6. Nd6+ Bxd6 7. Qxd6 Qf6 8.
Qd1 Qg6 9. Nc3 Nge7 10. Be3 d5 11. exd5 Nb4 12. Bd3 Nxd3+ 13. Qxd3 Qxd3 14. cxd3
Bf5 15. d6 Ng6 16. Nd5 Rd8 17. Bc5 Bxd3 18. O-O-O Bf5 19. Rhe1 f6 20. f4 Kf7 21.
fxe5 Nxe5 22. Re3 Rc8 23. Rc3 Nd3+ 24. Rdxd3 Bxd3 25. d7 Rc6 26. Nb4 Be4 27.
Nxc6 Bxc6 28. Rd3 Rd8 29. Kd2 Rxd7 30. Rxd7+ Bxd7 31. Kc3 1-0

[Event "AUTO-OPEN-1593"]
[Site "http://www.queenalice.com/game.php?id=606278"]
[Date "2009.6.20"]
[Round "1"]
[White "pequenomestre0"]
[Black "drd123"]
[Result "0-1"]
[WhiteElo "2033"]
[BlackElo "2123"]

1. d4 Nf6 2. c4 e6 3. Nc3 c5 4. d5 d6 5. e4 exd5 6. cxd5 g6 7. Bf4 Bg7 8. Qa4+
Bd7 9. Qb3 Bc8 10. Bb5+ Kf8 11. Be2 Na6 12. Nf3 h6 13. Nd2 g5 14. Bg3 Kg8 15.
Nc4 Ne8 16. Nb5 Bf8 17. O-O f5 18. exf5 Bxf5 19. f4 Nb4 20. fxg5 Qxg5 21. Qf3
Ng7 22. Nbxd6 Bxd6 23. Nxd6 Rf8 24. Be5 Nc2 25. Rac1 Ne3 26. h4 Qxh4 0-1

[Event "AUTO-OPEN-1593"]
[Site "http://www.queenalice.com/game.php?id=606299"]
[Date "2009.6.20"]
[Round "1"]
[White "J_Ricardo"]
[Black "pequenomestre0"]
[Result "0-1"]
[WhiteElo "1529"]
[BlackElo "2017"]

1. e4 c5 2. a3 Nc6 3. d3 e6 4. Nf3 d5 5. Nbd2 Nf6 6. Qe2 Be7 7. exd5 exd5 8. g3
O-O 9. Bg2 Re8 10. O-O Bf5 11. b3 Ng4 12. Bb2 Bf6 13. Bxf6 Nxf6 14. Qd1 Qa5 15.
Nh4 Bg4 16. Qc1 Nd4 17. c3 Ne2+ 18. Kh1 Nxc1 19. Rfxc1 Re2 20. b4 Qa6 21. Bf1
Rxd2 22. Ng2 Rxf2 23. bxc5 Be2 24. d4 Bxf1 25. Ne3 Bh3 26. Rg1 Qe2 27. Nf1 Bxf1
28. Rgxf1 Rxh2+ 0-1

[Event "AUTO-OPEN-1593"]
[Site "http://www.queenalice.com/game.php?id=606311"]
[Date "2009.6.20"]
[Round "1"]
[White "joinville"]
[Black "pequenomestre0"]
[Result "0-1"]
[WhiteElo "1809"]
[BlackElo "2025"]

1. e4 c5 2. Nf3 Nc6 3. d4 cxd4 4. Nxd4 e5 5. Nb5 d6 6. N1c3 a6 7. Na3 b5 8. Nd5
Nge7 9. c4 Nd4 10. cxb5 Nxd5 11. exd5 Be7 12. Be3 Nf5 13. bxa6 O-O 14. Bd2 Qb6
15. Nc4 Qxa6 16. Bc3 Qa7 17. Be2 Ba6 18. Qd3 Rfc8 19. b3 Nh4 20. O-O Ng6 21. g3
Rab8 22. Bd2 Bxc4 23. bxc4 Rb2 0-1

[Event "AUTO-OPEN-1593"]
[Site "http://www.queenalice.com/game.php?id=606312"]
[Date "2009.6.20"]
[Round "1"]
[White "pequenomestre0"]
[Black "joinville"]
[Result "1-0"]
[WhiteElo "2017"]
[BlackElo "1809"]

1. Nf3 d5 2. d4 Nf6 3. c4 c6 4. Nc3 e6 5. Bg5 dxc4 6. e4 b5 7. e5 h6 8. Bh4 g5
9. Nxg5 hxg5 10. Bxg5 Nbd7 11. exf6 Bb7 12. Be2 a6 13. O-O Qb6 14. Bh5 b4 15.
Na4 Qb5 16. Qg4 Qd5 17. Nc5 Bxc5 18. dxc5 Ne5 19. Qe2 Nd3 20. Rad1 a5 21. b3 Qe5
22. bxc4 Qxe2 23. Bxe2 Nxc5 24. Bf3 Nd7 25. Rd6 1-0